| 000 | 02014nam a2200361 i 4500 | ||
|---|---|---|---|
| 001 | 768714001 | ||
| 003 | CO-MdFUSB | ||
| 005 | 20241022095450.0 | ||
| 007 | ta | ||
| 008 | 170509t2002 sp a|||| |||| 00| 0 spa d | ||
| 020 | _a84-8267-232-0 | ||
| 040 |
_aCO-MdFUSB _bspa _cCO-MdFUSB _dCO-MdFUSBC _erda |
||
| 041 | 0 |
_aspa _heng |
|
| 082 | 0 | 4 |
_a220.12 _223 _bB886 |
| 100 | 1 |
_aBruce, F. F. (Frederick Fyvie) (1910-) _eautor |
|
| 240 | _aThe canon of Scripture | ||
| 245 | 3 |
_aEl canon de la Escritura _c/ F. F. Bruce ; traducido por Elena Flores Sanz |
|
| 260 | _a | ||
| 264 | 1 |
_aBarcelona, España : _bCLIE-Andamio, _c[2002] |
|
| 264 | 4 | _c©2002 | |
| 300 |
_a350 páginas _c; 24 cm |
||
| 336 |
_2rdacontent _atexto _btxt |
||
| 337 |
_2rdamedia _asin mediación _bn |
||
| 338 |
_2rdacarrier _avolumen _bnc |
||
| 490 | _aHermenéutica y Exégesis, | ||
| 505 |
_gPrimera parte: _tIntroducción: _aLa Santa Escritura. _gSegunda parte: _tEl Antiguo Testamento: _aLa ley y los profetas. -- El Antiguo Testamento griego. -- El Antiguo Testamento se convierte en un nuevo libro. -- El canon cristiano del Antiguo Testamento: A. Zona oriental. -- El canon cristiano del Antiguo Testamento: B. Zona occidental latina. -- Antes y después de la Reforma. _gTercera parte: _tEl Nuevo Testamento: _aEscritos de la nueva era. -- Marción. -- Valentino y su escuela. -- La respuesta católica. -- El fragmento de Muratori. -- Ireneo, Hipólito. -- Novaciano. -- Tertuliano, Cipriano y otros. -- Los padres alejandrinos. -- Eusebio de Cesarea. -- Atanasio y posteriores. -- Occidente en el Siglo IV hasta Jerónimo. -- De Agustín hasta el final de la Edad Media. -- El canon del Nuevo Testamento en la era de la imprenta. _gCuarta parte: _tConclusión: _aCriterios de canonicidad. -- ¿Un canon dentro del canon? -- Canon, crítica e interpretación. |
||
| 563 | _aPasta dura | ||
| 650 | 0 |
_aBiblia _916 |
|
| 653 | _aBiblia - Canon | ||
| 700 |
_aFlores Sanz, Elena, _910957 _etraductor |
||
| 942 | _cBK | ||
| 945 | _aJTF-925 | ||
| 999 |
_c32905 _d32905 |
||